00350nam a2200145Ia 4500008004100000020001500041041001200056082001100068100001500079245004100094260003900135300000800174650000800182700001400190221030s9999 xx 000 0 und d a8131708756 aEnglish a105.23 aJ. W. Mark 0aWireless Communications & Networking bPearson EdcuationaNew Delhic2007 a356 aECE aW. Zhuang